Louis Massignon, 1883-1962 Christian Prophet of Inter-Religious Reconcilia (Record no. 3069)

MARC details
000 -LEADER
fixed length control field 00649nam a2200229 a 4500
020 ## - INTERNATIONAL STANDARD BOOK NUMBER
ISBN 0819961
082 00 - DEWEY DECIMAL CLASSIFICATION NUMBER
Classification number 291.172
Author Cutter BAS
100 ## - MAIN ENTRY--AUTHOR NAME
Author name Bassetti Sani, Giulio
245 ## - TITLE STATEMENT
Title Louis Massignon, 1883-1962 Christian Prophet of Inter-Religious Reconcilia
260 ## - PUBLICATION, DISTRIBUTION, ETC. (IMPRINT)
Place of publication Chicago
Name of publisher Franciscan Herald Press
Year of publication 1974
300 ## - PHYSICAL DESCRIPTION
Number of Pages 262p
500 ## - GENERAL NOTE
General note includes index and biblioraphy
505 2# - FORMATTED CONTENTS NOTE
Formatted contents note appendices, index
650 ## - SUBJECT ADDED ENTRY--TOPICAL TERM
Topical Term Reconciliation-Interfaith Musl Chri
942 ## - ADDED ENTRY ELEMENTS (KOHA)
Koha item type Books
Holdings
Collection code Home library Current library Date acquired Cost, normal purchase price Full call number Accession Number Koha item type
  Henry Martyn Institute Library Henry Martyn Institute Library 07/16/2007 319.70 291.172 BAS 07989 Books
                   Copyright © 2026 | Henry Martyn Institute | Hyderabad | TS-500052 | INDIA | Implemented by hmi.edu.in
Hit-Count:

Powered by Koha